00576nam a2200169Ia 4500008004100000020001500041041000800056082001700064100001700081245008200098250000600180260003100186300001500217650002900232999001900261952012600280210716s2001 xx 000 0 und d a817635502X aeng a004.604 ROSC aRose, Carla. aSams teach yourself adobe: photoshop 6 in 24 hours.bPhotoshop 6 in 24 hours. a1 aNew DelhibTechmediac2001 axiv,450,28 aWeb Design & Development c184836d184836 001040708MCAaAIMITbAIMITd2021-07-16g195.00l0o004.604 ROSCpMCA04344r2025-07-21 00:00:00v195.00w2021-07-16yBK